শরৎচন্দ্রের পুস্তকারে অপ্রকাসিত রচনাবলী / (Record no. 65357)
[ view plain ]
| 000 -LEADER | |
|---|---|
| fixed length control field | 00934nam a2200217 a 4500 |
| 001 - CONTROL NUMBER | |
| control field | 65357 |
| 003 - CONTROL NUMBER IDENTIFIER | |
| rucl marc code | BD-RjUL |
| 005 - DATE AND TIME OF LATEST TRANSACTION | |
| control field | 20211209081419.0 |
| 008 - FIXED-LENGTH DATA ELEMENTS--GENERAL INFORMATION | |
| fixed length control field | 170305s1951 ii ||||| |||| 00| 0 ben d |
| 035 ## - SYSTEM CONTROL NUMBER | |
| System control number | (BD-RjUL)65487 |
| 040 ## - CATALOGING SOURCE | |
| Original cataloging agency | BD-RjUL |
| Language of cataloging | ben |
| Transcribing agency | BD-RjUL |
| 041 ## - LANGUAGE CODE | |
| Language code of text/sound track or separate title | ben |
| 082 ## - DEWEY DECIMAL CLASSIFICATION NUMBER | |
| Classification number | 891.4408 |
| Author mark and year | CHS 1951 |
| Edition number | 23 |
| 100 1# - MAIN ENTRY--PERSONAL NAME | |
| Personal name | চট্টোপাধ্যায়, শরৎচন্দ্র |
| 9 (RLIN) | 117957 |
| 245 01 - TITLE STATEMENT | |
| Title | শরৎচন্দ্রের পুস্তকারে অপ্রকাসিত রচনাবলী / |
| Statement of responsibility, etc. | শরৎচন্দ্র চট্টোপাধ্যায় |
| 260 ## - PUBLICATION, DISTRIBUTION, ETC. (IMPRINT) | |
| Place of publication, distribution, etc. | কলিকাতা : |
| Name of publisher, distributor, etc. | গুরুদাস চট্টোপাধ্যায়, |
| Date of publication, distribution, etc. | ১৯৫১ |
| 300 ## - PHYSICAL DESCRIPTION | |
| Pagination | ৩৮৫ পৃ. ; |
| Size | ১৭ সেমি. |
| 650 ## - SUBJECT ADDED ENTRY--TOPICAL TERM | |
| Topical term or geographic name as entry element | বাংলা সাহিত্য |
| General subdivision | সংগ্রহ |
| 9 (RLIN) | 116625 |
| Topical term or geographic name as entry element | Bengali Literature |
| General subdivision | Collections |
| 9 (RLIN) | 116939 |
| 942 ## - ADDED ENTRY ELEMENTS (KOHA) | |
| Source of classification or shelving scheme | Dewey Decimal Classification |
| Koha item type | Books |
| Lost status | Source of classification or shelving scheme | Damaged status | Not for loan | Collection code | Permanent Location | Current Location | Shelving location | Date acquired | Source of acquisition | Cost, normal purchase price | Total Checkouts | Full call number | Date last seen | Copy number | Koha item type |
|---|---|---|---|---|---|---|---|---|---|---|---|---|---|---|---|
| Dewey Decimal Classification | Not For Loan | Non-fiction | Central Library, University of Rajshahi | Central Library, University of Rajshahi | Rare Book Section | 16/12/1961 | Farooque Library | 5.95 | B 891.4408 CHS 1951 | 05/03/2017 | C-1 | Books |